000 01507cam a22004214i 4500
003 PE-LiUPU
005 20250731173131.0
008 150623s r 000 0 d
035 _a(Sirsi) a26345
040 _aPE-LiUPU
_bspa
_cPE-LiUPU
_erda
082 0 4 _a286.7325
_bT337
_223
245 0 0 _aTesoros escondidos /
_cGlenn E. Smith d.
264 1 _a[s.l.] :
_bDepartamento de Mayordomía y Desarrollo [IASD],
_c[19.].
300 _a86 páginas ;
_c21 cm.
336 _atext
_2rdacontent
337 _aunmediated
_2rdamedia
338 _avolume
_2rdacarrier
500 _aLecciones para estudiar con el libro Mayordomía Cristiana de Elena de White.
505 0 _aQué es mayordomía?". Semejantes a El. Una fea mancha. Posibilidades de lo imposible. Religión atrofiada. Dios en primer lugar. El plan de Dios. Dando por fe. No habrá escasez. transformados. Cristianos inválidos.
526 _aSEG42
526 _aSEG41
526 _aSEG40
526 _aSEG39
526 _aP94
526 _aP87
526 _aP86
526 _aP85
526 _aP77
526 _aP76
526 _aP35
650 0 4 _aMayordomía cristiana.
_9930
650 0 4 _aIglesia
_xAsuntos financieros.
700 1 _aSmith, Glenn E.,
_ed.
942 _2ddc
_cBK
_n0
949 _a 286.7325 T337
_wDEWEY
_c1
_i51633
_lCCODEBUL1
_mBUL
_p1.00
_r0
_sY
_tBOOK
_u2015-06-24
_xTEOLOGIA
_0COMPRA
_o.STAFF. Colección General
999 _c33366
_d33366
980 _81
_gALBERTO SANCHEZ Responsable de Automatización